Music Quiz

Random Music or Singers Quiz

Song Title Scramble: Diana Ross & The Supremes #1's Quiz Stats

 Plays Quiz not verified by Sporcle

Support Sporcle.
Go Orange.
Score 0/12 Timer 04:00
0 Plays Today
% Correct
UYO C'TAN RUHYR OVLE
64.1%
OUY PEEK EM GAIN'HN NO
61.3%
POST! NI HET MANE FO EVOL
56.5%
LEVO DILCH
52.5%
I EAHR A MYPONYSH
46.9%
ABBY VOLE
45.2%
ACKB NI YM SMAR GINAA
44.1%
EWEEH IDD ROU LEVO OG?
43.1%
SYMODEA LEW'L EB REGHETTO
36.8%
HET PINEPANGH
35.1%
OVLE SI REHE DAN WON RYE'UO EGON
35.1%
ECMO ESE BUTAO EM
28.4%

You're not logged in!

Compare scores with friends on all Sporcle quizzes.
OR
Log In

From the Vault

Ingredients in Pesto

by pstudder23

If another sauce is pretending to be pesto, do you call it an impester?
Remove Ads.
Support Sporcle.
Get the best of Sporcle when you Go Orange. This ad-free experience offers more features, more stats, and more fun while also helping to support Sporcle. Thank you for becoming a member.

Show Comments

Extras

Top Quizzes Today


Score Distribution

Your Account Isn't Verified!

In order to create a playlist on Sporcle, you need to verify the email address you used during registration. Go to your Sporcle Settings to finish the process.

Report this User

Report this user for behavior that violates our Community Guidelines.

Details: